000 01084cam a22003254a 4500
003 Nust
005 20170216102417.0
008 170216b xxu||||| |||| 00| 0 eng d
020 _a1405130121 (alk. paper)
020 _a9781405130127
040 _cNust-MCE
082 0 0 _a690.068
_bSMI
_cN-2,P-72
100 1 _aSmith, Nigel J.
245 1 0 _aManaging risk in construction projects /
_cNigel J. Smith, Tony Merna, Paul Jobling.
250 _a2nd ed.
260 _aOxford ;
_aMalden, MA :
_bBlackwell Pub.,
_c2006.
300 _axii, 244 p. :
_bill. ;
_c25 cm.
500 _aIncludes index.
650 0 _aBuilding
_xSuperintendence.
650 0 _aNUST
650 0 _aBuilding
_xSafety measures.
650 0 _aConstruction industry
_xManagement.
650 0 _aRisk assessment.
700 1 _aMerna, Tony.
700 1 _aJobling, Paul,
856 4 1 _uhttp://www.loc.gov/catdir/toc/ecip0511/2005010452.html
856 4 2 _uhttp://www.loc.gov/catdir/enhancements/fy0802/2005010452-b.html
856 4 2 _uhttp://www.loc.gov/catdir/enhancements/fy0802/2005010452-d.html
942 _cBK
999 _c219792
_d219792